Estudio a nivel de perfil del proyecto de empresa comercializadora de sistemas Constructivos en base a Bambú
Presenta el estudio a nivel de perfil del proyecto de empresa comercializadora de sistemas Constructivos en base a Bambú en el cual se realizó un estudio de mercado para la identificación del producto, la demanda, oferta, la comercialización y los precios, se elaboró un estudio técnico con e...
| Main Authors: | , |
|---|---|
| Other Authors: | |
| Format: | Tesis Section = Libro |
| Language: | Undetermined Spanish |
| Published: |
Managua
UNI
2013
|
| Subjects: |
| LEADER | 01485nam a2200277Ia 4500 | ||
|---|---|---|---|
| 008 | 240830s9999 xx 000 0 und d | ||
| 040 | |a BIBLIOTECA-RUPAP T.Mon 691 R621 | ||
| 041 | |a spa | ||
| 082 | |a T.Mon 691 R621 | ||
| 100 | 1 | |a Rivera Hernández, Allan Mauricio | |
| 100 | 1 | |b Pérez Zeledón, Danny Benjamín | |
| 245 | 1 | 0 | |a Estudio a nivel de perfil del proyecto de empresa comercializadora de sistemas Constructivos en base a Bambú |
| 260 | |a Managua |b UNI |c 2013 | ||
| 300 | |a 108 p. :il. | ||
| 500 | |a Contiene: anexos. | ||
| 502 | |a Tesis (Ingeniero Civil)- UNI, 2013. | ||
| 520 | 3 | |a Presenta el estudio a nivel de perfil del proyecto de empresa comercializadora de sistemas Constructivos en base a Bambú en el cual se realizó un estudio de mercado para la identificación del producto, la demanda, oferta, la comercialización y los precios, se elaboró un estudio técnico con el objetivo de identificar la localización optima, el tamaño, la tecnología de los sistemas constructivos en base al bambú y finalmente un análisis financiero para determinar la inversión, los costos de operación, los ingresos y la evaluación financiera del proyecto. | |
| 650 | 7 | |a MATERIALES DE CONSTRUCCION - BAMBU | |
| 650 | 7 | |b COMERCIALIZACION DEL BAMBU | |
| 650 | 7 | |c ESTUDIO TECNICO | |
| 650 | 7 | |d ESTUDIO DE MERCADO | |
| 650 | 7 | |e ANALISIS FINANCIERO | |
| 700 | 1 | |a Tutor: |b Fonseca Chávez, Miguel Antonio | |
| 942 | |c BK |2 ddc | ||
| 991 | |a TESIS | ||
| 999 | |c 18817 | ||